000
00210nam a2200085 4500
001
1300979
005
20260422140238.0
245
_a
ZAMANA YOLCULARI ÇANAKKALE SAVAŞINDA
_c
MUSTAFA ORAKÇI
260
_b
GENÇ TİMAŞ
999
_c
1300979
_d
1300979